ბათუმის შოთა რუსთაველის სახელმწიფო უნივერსიტეტის ბიბლიოთეკა

ევროპული მონეტების მიმოქცევა საქართველოში. XV-XVIII საუკუნეებში / (ბიბ.ჩანაწერი № 59948)

000 -ლიდერი
ფიქსირებული სიგრძის საკონტროლო ველი 01485nam a22002057a 4500
003 - საკონტროლო ნომრის იდენტიფიკატორი
საკონტროლო ველი Ge_BSU
005 - ბოლო ოპერაციის თარიღი და დრო
საკონტროლო ველი 20230522105109.0
008 - ფიქსირებული სიგრძის მონაცემთა ელემენტები - ზოგადი ინფორმაცია
ფიქსირებული სიგრძის საკონტროლო ველი 230522s1971 ge ||||| |||| 00| 0 geo d
041 ## - ენის კოდი
Language code of text/sound track or separate title geo
080 ## - უნივერსალური ათობითი კლასიფიკაციის ინდექსი
Universal Decimal Classification number 737(4)(09) ქ-35
100 ## - მთავარი ჩანაწერი - პიროვნების სახელი
Personal name ქებულაძე, რევაზ
9 (RLIN) 18165
245 ## - ცნობა სათაურის შესახებ
Title ევროპული მონეტების მიმოქცევა საქართველოში. XV-XVIII საუკუნეებში /
Statement of responsibility, etc რევაზ ქებულაძე; რედ. დ. კაპანაძე; საქართველოს სსრ მეცნიერებათა აკადემია. აკად. ს. ჯანაშიას სახ. საქართველოს სახელმწიფო მუზეუმი.
264 ## - წარმოების, გამოცემის, დისტრიბუციის და სხვა ცნობები
გამოცემის, წარმოების, დისტრიბუციის... ადგილი თბილისი :
გამოცემის, წარმოების, დისტრიბუციის... სახელწოდება მეცნიერება,
გამოცემის, წარმოების, დისტრიბუციის... თარიღი 1971.
300 ## - ფიზიკური აღწერა
Extent 148 გვ. :
Other physical details 6 ფ. ტაბ. ;
Dimensions 23 სმ.
520 ## - SUMMARY, ETC.
Summary, etc რეზუმე რუსლ ენაზე.
653 ## - INDEX TERM--UNCONTROLLED
Uncontrolled term ევროპული მონეტები საქართველოში
700 ## - ADDED ENTRY--PERSONAL NAME
Personal name კაპანაძე, დ.
Relator term რედაქტორი
9 (RLIN) 18166
710 ## - ADDED ENTRY--CORPORATE NAME
Corporate name or jurisdiction name as entry element საქართველოს სსრ მეცნიერებათა აკადემია
Subordinate unit აკად. ს. ჯანაშიას სახ. საქართველოს სახელმწიფო მუზეუმი
9 (RLIN) 18167
942 ## - ADDED ENTRY ELEMENTS (KOHA)
Source of classification or shelving scheme
Koha item type წიგნი
ეგზემპლარები
ჩამოწერის სტატუსი დაკარგული ეგზემპლარის სტატუსი კლასიფიკაციის წყარო ან თაროზე გაწყობის სქემა დაზიანების სტატუსი არ გაიცემა მუდმივი მდებარეობა (დაცვის ადგილი) ამჟამინდელი ადგილსამყოფელი თაროზე განთავსების ადგილი შეძენის თარიღი ღირებულება, შესყიდვის ნორმალური ფასი სრული შენახვის შიფრი შტრიხკოდი ბოლო ოპერაციის თარიღი ეგზემპლარის მიმდევრობითი ნომერი (კეტერი?) Uniform Resource Identifier ფასის ძალაში შესვლის თარიღი ეგზემპლარის სახეობა საჯარო შენიშვნა
          ბათუმის შოთა რუსთაველის სახელმწიფო უნივერსიტეტის მთავარი ბიბლიოთეკა ბათუმის შოთა რუსთაველის სახელმწიფო უნივერსიტეტის მთავარი ბიბლიოთეკა წიგნსაცავი 2023-05-22 6.00 737(4)(09) ქ-35 64408 2023-05-22 64408 ბსუ-ს საპატიო დოქტორის გურამ ლორთქიფანიძის საჩუქარი 2023-05-22 წიგნი 6 ლ.